000
00310nam a22001217a 4500
008
230521b |||||||| |||| 00| 0 eng d
082
_a
914.97 PRIY
100
_a
PRIVREDNI PREGLED
245
_a
Yugoslavia:Economic and tourist guide.
260
_a
Beograd
_b
Pregled
_c
1958
300
_a
314p.
942
_2
ddc
_c
BK
999
_c
2843
_d
2843